Films dont le titre commence par un G (1) - Statistiques

Statistiques générales
  • Ce quiz a été pris 6 fois
  • Le résultat moyen est 6 sur 30
Statistiques - réponses
Année Réalisateur Genre 1 acteur ou
1 actrice
Titre % Correct
1982 R. Attenborough Historique Ben Kingsley Gandhi
100%
1948 Ch. Vidor Drame Rita Hayworth Gilda
80%
1978 R. Kleiser Musical John Travolta Grease
80%
1964 G. Hamilton Espionnage Sean Connery Goldfinger
60%
1981 C. Miller Drame psychologique Lino Ventura Garde à vue
40%
1958 V. Minelli Musical Maurice Chevalier Gigi
40%
1954 I. Honda Science fiction Haruo Nakajima Godzilla
40%
1956 K. Vidor Historique Henry Fonda Guerre et Paix
40%
1966 G. Lautner Drame Mireille Darc Galia
20%
1981 P. Weir Guerre Mel Gibson Gallipoli
20%
1974 J. Clayton Drame Robert Redford Gatsby le Magnifique
20%
1935 J. Duvivier Historique Jean Gabin Golgotha
20%
1968 M. Apted Drame Sigourney Weaver Gorilles dans la brume
20%
1950 J. Boyer Comédie Bourvil Garou-Garou le passe-muraille
0%
1935 A. Hugon Drame Raimu Gaspard de Besse
0%
1976 B. Reynolds Policier Burt Reynolds Gator
0%
1965 H. Levin Historique Omar Sharif Gengis Khan
0%
1962 A. Laven Western Chuck Connors Geronimo
0%
1956 R. Clément Drame Armand Mestral Gervaise
0%
1965 D. Paolella Peplum Luciano Martino Goliath à la conquête de Bagdad
0%
1961 G. Malatesta Peplum Brad Harris Goliath contre les Géants
0%
1963 P. Pierotti Peplum Mimmo Palmara Goliath et la cavalier masqué
0%
1963 M. Caiano Peplum Scott Gordon Goliath et l'hercule noir
0%
1943 J. Becker Comédie dramatique Robert Le Vigan Goupi Mains-rouges
0%
1955 R. Brooks Comédie dramatique G. Ford Graine de violence
0%
1966 J. Frankenheimer Aventures Yves Montand Grand prix
0%
1937 M. Allégret Comédie dramatique Andrex Gribouille
0%
1938 M. de Canonge Drame Pierre Brasseur Grisou
0%
1974 G. Grangier Comédie Roger Pierre Gross Paris
0%
1943 L. Seller Guerre Anthony Quinn Guadalcanal
0%
Aucun quiz correspondant
Distribution des résultats
% des personnes avec chaque résultat
Percentile par nombre de réponses
Votre historique - résultats
Vous n’avez pas pris ce quiz